000
00301nam a2200121Ia 4500
008
220217s9999||||xx |||||||||||||| ||und||
082
_a
894.814 3 BHA
100
_a
Bhairappa, S.L
245
0
_a
Parva
260
_a
Laxmi Mudhranalaya
_b
Bangalore
_c
2007
300
_b
325
650
_a
GENERAL BOOKS
999
_c
175244
_d
175244